Principles of macroeconomics Ed 2 (Record no. 211885)

MARC details
000 -LEADER
fixed length control field 00509nam a2200193Ia 4500
008 - FIXED-LENGTH DATA ELEMENTS--GENERAL INFORMATION
fixed length control field 210719s2017 xx 000 0 und d
020 ## - INTERNATIONAL STANDARD BOOK NUMBER
International Standard Book Number 978-93-859998-41-6
041 ## - LANGUAGE CODE
Language code of text/sound track or separate title eng
082 ## - DEWEY DECIMAL CLASSIFICATION NUMBER
Classification number 339 SOMP
100 ## - MAIN ENTRY--PERSONAL NAME
Personal name SOMASHEKARAIAH (N T);SOMASHEKAR (Ne Thi)
245 ## - TITLE STATEMENT
Title Principles of macroeconomics Ed 2
250 ## - EDITION STATEMENT
Edition statement 2
260 ## - PUBLICATION, DISTRIBUTION, ETC.
Place of publication, distribution, etc. New Delhi
Name of publisher, distributor, etc. Medtech
Date of publication, distribution, etc. 2017
300 ## - PHYSICAL DESCRIPTION
Extent xi,416
Other physical details PB
365 ## - TRADE PRICE
Price amount 395
Currency code Rs
650 ## - SUBJECT ADDED ENTRY--TOPICAL TERM
Topical term or geographic name entry element Economics
650 ## - SUBJECT ADDED ENTRY--TOPICAL TERM
Topical term or geographic name entry element Macro Economics
906 ## - LOCAL DATA ELEMENT F, LDF (RLIN)
a macroeconomics ; Principles
Holdings
Withdrawn status Lost status Damaged status Not for loan Collection code Home library Current library Date acquired Source of acquisition Cost, normal purchase price Total Checkouts Total Renewals Full call number Barcode Date last seen Date last checked out Cost, replacement price Price effective from Koha item type
          St Aloysius Library St Aloysius Library 02/26/2021 Biblios Book Point, Surathkal-575014 | General Annual 395.00 2 1 339 SOMP 074699 02/07/2024 01/16/2024 316.00 07/19/2021 Book